000 00590nam a2200181 i 4500
001 43048
003 ES-MaACL
005 20230906160725.0
007 t|
008 030314s1960 sp ||||1| spa d
110 2 _aCentro de Estudios Sindicales.
_92669
245 1 0 _aSindicalismo agrario español /
_cCentro de Estudios Sindicales.
260 _aMadrid :
_bOrganización Sindical Española,
_c1960.
300 _a149 p. ;
_c15 cm.
650 4 _aTrabajadores agrícolas-
_xSindicatos-
_zEspaña.
_9164511
710 2 _aOrganización Sindical Española.
_96077
852 _aES-MaACL
_jC-18838
999 _c43048
_d43048